000 00410nam a2200157Ia 4500
008 230711s9999||||xx |||||||||||||| ||und||
041 _aENG
082 _a621
_bRA-U
100 _aRao,Sunil S
245 0 _aUtilization generation and conservation of electrical energy
250 _a1st Ed.
260 _c2007
_aNew Delhi
_bKhanna Publishers
300 _a711
650 _aElectrical Engineering
942 _cBK
999 _c4981
_d4981